| 000 | 005480000a22001810004500 | ||
|---|---|---|---|
| 003 | MACL | ||
| 005 | 20160129123340.0 | ||
| 008 | 160129b xxu||||| |||| 00| 0 eng d | ||
| 040 |
_aMACL _cMACL |
||
| 041 | _aHindi | ||
| 082 | _a540/GUP | ||
| 100 |
_aगुप्ता प्रीती _935249 |
||
| 245 |
_a32Years' (1979-2010) IIT JEE रसायन विज्ञान _b…+… |
||
| 260 |
_bअरिहन्त प्रकाशन _aमेरठ |
||
| 350 | _a250 | ||
| 650 |
_aChemistry _935250 |
||
| 942 |
_cHIN _k540/GUP _2ddc |
||
| 999 |
_c44675 _d44675 |
||